Language Quiz

Random Language or Food Quiz

Food Expressions Quiz Stats

 Plays Quiz Updated Nov 22, 2015

Challenge
Share
Tweet
Embed
Score 0/28 Timer 03:00
7 Plays Today
Expression Food % Correct
Couch ____potato
98.8%
Just my cup of ____tea
98.8%
An ____ a day keeps the doctor awayapple
98.7%
Spill the ____beans
96.3%
As easy as ____pie
95.7%
Like two ____ in a podpeas
95.3%
It's a piece of ____cake
95.1%
That's the way the ____ crumblescookie
94.1%
You can lead a horse to ____ but you can't make him drinkwater
93.6%
Take it with a grain of ____salt
93.1%
Have bigger ____ to fryfish
93%
It's the greatest thing since sliced ____bread
92.6%
It's no use crying over spilt ____milk
92.4%
Don't put all your ____ in one basketeggs
91.9%
Expression Food % Correct
Cool as a ____cucumber
90.9%
When life gives you lemons, make ____lemonade
89.7%
It's as easy as taking ____ from a babycandy
88%
Like comparing apples and ____oranges
87.8%
____ of the cropcream
87.6%
The ____ on the cakeicing
87.4%
Too many cooks spoil the ____broth
83.8%
In a ___shellnut
82.9%
Bring home the ____bacon
82.6%
You can't make an ____ without breaking a few eggsomelet
79.7%
You can catch more flies with ____ than with vinegarhoney
79.5%
Flat as a ____pancake
77.8%
As thick as ____ souppea
75.3%
____ up (someone)butter
71.3%

You're not logged in!

Compare scores with friends on all Sporcle quizzes.
OR
Log In

You Might Also Like...

Show Comments

Extras

Top Quizzes Today


Score Distribution

Your Account Isn't Verified!

In order to create a playlist on Sporcle, you need to verify the email address you used during registration. Go to your Sporcle Settings to finish the process.

Report this User

Report this user for behavior that violates our Community Guidelines.

Details: